Statistics for Carpal and Tarsal Bones

Click here to take the quiz!

General Stats

  • This quiz has been taken 19 times
  • The average score is 11 of 15

Answer Stats

HintFirst letterAnswer% Correct
ProximalSScaphoid
91%
DistalCCapitate
82%
DistalHHamate
82%
ProximalLLunate
82%
AnkleTTalus
82%
DistalTTrapezium
82%
DistalTTrapezoid
82%
IntermediateNNavicular
73%
ProximalPPisiform
73%
ProximalTTriquetrum
73%
HeelCCalcaneus
64%
DistalCCuboid
64%
DistalICIntermediate cuneiform
64%
DistalLCLateral cuneiform
64%
DistalMCMedial cuneiform
64%

Score Distribution

Percentile by Number Answered

Percent of People with Each Score

Your Score History

You have not taken this quiz